000 00290 a2200085 4500
082 _a363.125 NHA
245 _aAccident Analysis Report (N- 5) /
_cNational Highways and Motorway Police
260 _aPakistan
_bNational Highways and Motorway Police
_c2005
300 _axii, 54p. ;
_bill. ;
_c30 cm
650 _aAccident Analysis
999 _c2283
_d2283